|
|
|
|
| LEADER |
00000nab a2200000 a 4500 |
| 001 |
vtls000640975 |
| 003 |
SK-MaSNL |
| 005 |
20260302200628.0 |
| 008 |
140228c1997 xo 0 slo |
| 015 |
|
|
|a SNBRB19rr/mm-uuuuu
|
| 035 |
|
|
|a CL0641114
|
| 040 |
|
|
|a SNKBUCL
|b slo
|c SNKBUCL
|e AACR2
|
| 041 |
0 |
|
|a slo
|
| 044 |
|
|
|a xo
|c SK
|
| 080 |
|
|
|a 658.114(437.6):334.74:332.1(437.6)
|2 1981
|
| 080 |
|
|
|a 332.1(437.6)
|2 1981
|
| 100 |
1 |
|
|a Raško, Anton
|4 aut
|9 296787
|
| 245 |
1 |
0 |
|a Živnostníci a regionálny rozvoj
|c Anton Raško
|
| 300 |
|
|
|b Graf 1, tab. 1
|
| 650 |
0 |
7 |
|a živnostenské podnikanie
|2 snkbucl
|9 1774
|
| 650 |
0 |
7 |
|a regionálny rozvoj
|2 snkbucl
|9 2352
|
| 655 |
|
7 |
|a články z novín a časopisov
|2 snkbucl
|9 267496
|
| 773 |
0 |
|
|t Hospodárske noviny
|g Roč. 5, č. 197 (15. 10. 1997), s. 6
|x 0862-9567
|
| 850 |
|
|
|a Slovenská národná knižnica v Martine
|a MTA001
|
| 852 |
|
|
|a SNK
|b KIS3GCP
|
| 958 |
|
|
|a SK
|
| 958 |
|
|
|a RK
|
| 992 |
|
|
|a RBX
|
| 999 |
|
|
|c 1457621
|d 1459551
|